<?xml version="1.0" encoding="UTF-8"?>
<record
    xmlns:xsi="http://www.w3.org/2001/XMLSchema-instance"
    xsi:schemaLocation="http://www.loc.gov/MARC21/slim http://www.loc.gov/standards/marcxml/schema/MARC21slim.xsd"
    xmlns="http://www.loc.gov/MARC21/slim">

  <leader>01760nam a2200301 u 4500</leader>
  <controlfield tag="001">1384267</controlfield>
  <controlfield tag="005">20240129080538.0</controlfield>
  <controlfield tag="007">cr|||||||</controlfield>
  <controlfield tag="008">140903s2013                        spa  </controlfield>
  <datafield tag="035" ind1=" " ind2=" ">
    <subfield code="a">1384267</subfield>
  </datafield>
  <datafield tag="040" ind1=" " ind2=" ">
    <subfield code="c">comduadb</subfield>
  </datafield>
  <datafield tag="041" ind1=" " ind2=" ">
    <subfield code="a">spa</subfield>
  </datafield>
  <datafield tag="080" ind1=" " ind2=" ">
    <subfield code="a">PMC</subfield>
  </datafield>
  <datafield tag="100" ind1="1" ind2="0">
    <subfield code="a">Giraldo Correa, Christian Camilo</subfield>
    <subfield code="4">aut</subfield>
    <subfield code="e">aut</subfield>
    <subfield code="9">650039</subfield>
  </datafield>
  <datafield tag="245" ind1="1" ind2="0">
    <subfield code="a">Evaluaci&#xF3;n, an&#xE1;lisis y mejoramiento de la red de aire comprimido en Zona Fr&#xED;a O-I Peldar</subfield>
  </datafield>
  <datafield tag="260" ind1=" " ind2=" ">
    <subfield code="a">Medell&#xED;n :</subfield>
    <subfield code="b">[sin publicador],</subfield>
    <subfield code="c">2013.</subfield>
  </datafield>
  <datafield tag="300" ind1=" " ind2=" ">
    <subfield code="a">36 p&#xE1;ginas</subfield>
  </datafield>
  <datafield tag="520" ind1="3" ind2=" ">
    <subfield code="a">La finalidad de este proyecto radica en dar algunas sugerencias de c&#xF3;mo se podr&#xED;a solucionar inconvenientes que se encuentran presentando en las redes de aire comprimido en Zona Fr&#xED;a como son: presencia de condensados, material particulado, ca&#xED;da de presi&#xF3;n y fugas de aire entre otros; todo esto con el fin de mejorar la calidad del aire utilizado en dicha &#xE1;rea, mejorando as&#xED; el funcionamiento de todos los elementos neum&#xE1;ticos utilizados en el &#xE1;rea, disminuyendo el consumo energ&#xE9;tico requerido por la planta y reduciendo el costo de operaci&#xF3;n con la disminuci&#xF3;n de las fugas de aire. Una vez conocidos los inconvenientes se procede a evaluar el problema y determinar su soluci&#xF3;n, buscando siempre una alternativa econ&#xF3;mica y segura que garantice el buen funcionamiento de los elementos intervenidos.</subfield>
  </datafield>
  <datafield tag="650" ind1=" " ind2=" ">
    <subfield code="a">Redes de aire comprimido</subfield>
    <subfield code="9">165007</subfield>
  </datafield>
  <datafield tag="650" ind1=" " ind2=" ">
    <subfield code="a">Peldar (Empresa Comercial)</subfield>
    <subfield code="9">38795</subfield>
  </datafield>
  <datafield tag="650" ind1=" " ind2=" ">
    <subfield code="a">Compresores de aire</subfield>
    <subfield code="9">5030</subfield>
  </datafield>
  <datafield tag="650" ind1=" " ind2=" ">
    <subfield code="a">Calidad del aire</subfield>
    <subfield code="9">10724</subfield>
  </datafield>
  <datafield tag="700" ind1="1" ind2="0">
    <subfield code="a">Le&#xF3;n Simanca, Pedro</subfield>
    <subfield code="4">ths</subfield>
    <subfield code="e">ths</subfield>
    <subfield code="9">358833</subfield>
  </datafield>
  <datafield tag="856" ind1="4" ind2=" ">
    <subfield code="u">https://drive.google.com/file/d/0BwecnWVz7HZoX1V1U0JRLXJPZzA/edit?usp=sharing</subfield>
  </datafield>
  <datafield tag="942" ind1=" " ind2=" ">
    <subfield code="c">TESIS</subfield>
    <subfield code="n">0</subfield>
  </datafield>
  <datafield tag="999" ind1=" " ind2=" ">
    <subfield code="c">699636</subfield>
    <subfield code="d">699636</subfield>
  </datafield>
  <datafield tag="502" ind1=" " ind2=" ">
    <subfield code="b">176</subfield>
    <subfield code="c">17</subfield>
  </datafield>
  <datafield tag="526" ind1=" " ind2=" ">
    <subfield code="a">178</subfield>
  </datafield>
</record>
